Score 0/20 Timer 02:30
10 Plays Today
% Correct
Wonder Woman
90.9%
Batman
90.8%
Green Lantern
89.9%
Robin
89.3%
Batgirl
88%
Superman
87.9%
Supergirl
86.6%
Flash
85.9%
Green Arrow
81.3%
Cyborg
77.5%
% Correct
Aquaman
66.4%
Hawkman
65.7%
Firestorm
64%
Red Hood
61.8%
Nightwing
60.5%
Black Canary
60.1%
Martian Manhunter
59.2%
Zatanna
48.4%
Doctor Fate
47.3%
The Atom
45.2%
Remove Ads.
Support Sporcle.
Get the best of Sporcle when you Go Orange. This ad-free experience offers more features, more stats, and more fun while also helping to support Sporcle. Thank you for becoming a member.

You're not logged in!

Compare scores with friends on all Sporcle quizzes.
OR
Log In

Sporcle TV

Today on Sporcle TV


Watch our educational content, quiz creation guides, and fun videos on Sporcle TV.

Show Comments

Extras

Top Quizzes Today


Score Distribution

Paid Content

Your Account Isn't Verified!

In order to create a playlist on Sporcle, you need to verify the email address you used during registration. Go to your Sporcle Settings to finish the process.

Report this User

Report this user for behavior that violates our Community Guidelines.

Details: